International encyclopedia of economic sociology / (Record no. 3739)

MARC details
000 -LEADER
fixed length control field 00673nam a2200193 ar4500
001 - CONTROL NUMBER
control field 3741
005 - DATE AND TIME OF LATEST TRANSACTION
control field 20221127090816.0
008 - FIXED-LENGTH DATA ELEMENTS--GENERAL INFORMATION
fixed length control field 140316s xxk a e 00110 eng d
020 ## - INTERNATIONAL STANDARD BOOK NUMBER
International Standard Book Number 9780415569583(pbk) :
Terms of availability SR395.00
082 04 - DEWEY DECIMAL CLASSIFICATION NUMBER
Classification number 306.303
Item number In8 2011
245 00 - TITLE STATEMENT
Title International encyclopedia of economic sociology /
Statement of responsibility, etc. edited by Jens Beckert, Milan Zafirovski.
260 ## - PUBLICATION, DISTRIBUTION, ETC.
Place of publication, distribution, etc. London ;
-- New York :
Name of publisher, distributor, etc. Routledge,
Date of publication, distribution, etc. 2011.
300 ## - PHYSICAL DESCRIPTION
Extent xxv, 773 p. :
Other physical details ill. ;
Dimensions 25 cm.
500 ## - GENERAL NOTE
General note Prev. ed.: 2006.
504 ## - BIBLIOGRAPHY, ETC. NOTE
Bibliography, etc. note Includes bibl. references and index.
650 #4 - SUBJECT ADDED ENTRY--TOPICAL TERM
Topical term or geographic name entry element Economics
General subdivision Social aspects
Form subdivision Encyclopedias.
700 0# - ADDED ENTRY--PERSONAL NAME
Personal name Beckert, Jens,
Relator term editor.
700 0# - ADDED ENTRY--PERSONAL NAME
Personal name Zafirovski, Milan,
Relator term jt. ed.
Holdings
Withdrawn status Lost status Source of classification or shelving scheme Damaged status Not for loan Home library Current library Date acquired Total Checkouts Full call number Barcode Date last seen Copy number Price effective from Koha item type
          CENTRAL CENTRAL 11/27/2022   306.303 In8 2011 10000000012062 11/27/2022 C1 11/27/2022 Reference